Modern political theory / (Record no. 184904)
[ view plain ]
| 000 -LEADER | |
|---|---|
| fixed length control field | 00810 a2200193 4500 |
| 003 - CONTROL NUMBER IDENTIFIER | |
| control field | Nust |
| 005 - DATE AND TIME OF LATEST TRANSACTION | |
| control field | 20221220111957.0 |
| 010 ## - LIBRARY OF CONGRESS CONTROL NUMBER | |
| LC control number | 73160629 |
| 020 ## - INTERNATIONAL STANDARD BOOK NUMBER | |
| International Standard Book Number | 0064944522 |
| -- | 0064944530 (pbk.) |
| 040 ## - CATALOGING SOURCE | |
| Transcribing agency | Nust |
| 082 00 - DEWEY DECIMAL CLASSIFICATION NUMBER | |
| Classification number | 320.01,VER |
| 100 1# - MAIN ENTRY--PERSONAL NAME | |
| Personal name | Verma.S.L |
| 9 (RLIN) | 478 |
| 245 10 - TITLE STATEMENT | |
| Title | Modern political theory / |
| Statement of responsibility, etc. | S. L. Verma |
| 260 ## - PUBLICATION, DISTRIBUTION, ETC. | |
| Place of publication, distribution, etc. | New York, |
| Name of publisher, distributor, etc. | Barnes & Noble Books |
| Date of publication, distribution, etc. | [1973, c1970] |
| 300 ## - PHYSICAL DESCRIPTION | |
| Extent | xxv, 269 p.; |
| Dimensions | 23 cm. |
| 505 ## - FORMATTED CONTENTS NOTE | |
| Formatted contents note | Modern Political Theory (Page-1), Behavioral Revolution and After (Page-38), Facts Value and Theory (Page-69), Systems Theory (Page-98), Structural Functional Approach (Page-125), Power Influence Authority and Legitimacy (Page-162), Modernization and Political Development (Page-200), Epilogue (Page-240). |
| 650 #0 - SUBJECT ADDED ENTRY--TOPICAL TERM | |
| Topical term or geographic name entry element | modern political |
| 9 (RLIN) | 479 |
| 942 ## - ADDED ENTRY ELEMENTS (KOHA) | |
| Source of classification or shelving scheme | |
| Koha item type | Book |
| Call number prefix | 320.01,VER |
| Withdrawn status | Lost status | Source of classification or shelving scheme | Damaged status | Not for loan | Permanent Location | Current Location | Shelving location | Date acquired | Full call number | Barcode | Date last seen | Price effective from | Koha item type | Public note |
|---|---|---|---|---|---|---|---|---|---|---|---|---|---|---|
| Military College of Signals (MCS) | Military College of Signals (MCS) | General Stacks | 12/12/2016 | 320.01,VER | MCS33510 | 12/08/2016 | 12/12/2016 | Book | Almirah No.73, Shelf No.4 | |||||
| Military College of Signals (MCS) | Military College of Signals (MCS) | General Stacks | 12/12/2016 | 320.01,VER | MCS33511 | 12/08/2016 | 12/12/2016 | Book | Almirah No.49, Shelf No.4 |
